| 000 | 01892nam0a2200409 4500 | ||
|---|---|---|---|
| 001 | RU\NLR\bibl\1672448 | ||
| 005 | 20250616044859.0 | ||
| 010 |
_a978-5-386-02351-5 _93000 |
||
| 021 |
_aRU _b2010-59009 _93862 |
||
| 035 | _a(nilc)RSL-KNO-004714590 | ||
| 035 | _a(NLR Aleph) 001663696 | ||
| 090 |
_a997658 _c997658 |
||
| 100 | _a20100803d2010 |||y0rusy50 ca | ||
| 101 | 0 | _arus | |
| 102 | _aRU | ||
| 105 | _ay zzzz||||| | ||
| 200 | 1 |
_aКосой дождь, или Передислокация пигалицы _fОльга Кучкина |
|
| 210 |
_aМосква _cРИПОЛ классик _d2010 |
||
| 215 |
_a462 с. _d21 |
||
| 225 | 1 | _aОт первого лица | |
| 517 | 0 | _aПередислокация пигалицы | |
| 600 | 1 |
_aКучкина _bО.А. _f1936 _gОльга Андреевна _92234185 _3RU\NLR\auth\661340891 |
|
| 606 | 1 |
_aРусская советская литература _jВоспоминания, записки и т.п. _9888281 _3RU\NLR\auth\66496 |
|
| 610 | 0 | _aФилологические науки. Художественная литература -- Российская Федерация -- Русская литература -- с сер. 50-х гг. 20 в. -- Произведения художественной литературы -- Художественная проза -- Очерки -- Очерки о литературе и искусстве. Философско-эстетические очерки | |
| 686 |
_aШ5(2=Р)75-646.7 _2rubbk |
||
| 686 | _aШ6(2=Р)8-491 | ||
| 686 | _aШ5(2=Р)7,1 | ||
| 686 | _aЧ612.3(2)7-8Кучкина | ||
| 700 | 1 |
_aКучкина _bО. _gОльга _4070 |
|
| 801 | 0 |
_aRU _bРГБ _c20100803 _grcr |
|
| 801 | 1 |
_aRU _bРГБ _c20100803 |
|
| 801 | 2 |
_aRU _bNLR _c20100908 _grcr |
|
| 942 | _cBOOK | ||
| 980 | _aNB | ||